000 00786nam a2200253 a 4500
008
020 _a0335199194 (pbk.)
049 _aMAIN
090 _aHD2763 LAW
100 1 _aLawton, Alan.
245 1 0 _aEthical management for the public services /
_cAlan Lawton.
260 _aBuckingham :
_bOpen University Press,
_c1998.
300 _aviii, 167 p. ;
_c24 cm.
440 0 _aManaging the public services.
500 _aIncludes index.
504 _aIncludes bibliographical references.
650 0 _aPublic utilities
_xManagement.
650 0 _aIndustrial management
_xMoral and ethical aspects.
907 _a.b10138298
_b22-01-07
_c09-10-04
003
005 20230123133837.0
040 _cNUST
942 _cBOOKS
_kHD2763 LAW
999 _c155585
_d155585